The promise : Elementary level

Saved in:
Bibliographic Details
Main Author: Scott-Buccleuch, R. L. (Robert L.)
Format: Book
Language:English
Published: Oxford : Heinemann, 1992
Subjects:
Tags: Add Tag
No Tags, Be the first to tag this record!

MARC

LEADER 00000nam a2200000 i 4500
001 1/22632
008 950308s1992 eng d
020 |a 0-435-27203-9 
035 |l 10021935 
040 |a GR-MY-UA  |b gre  |e aacr 
041 0 |a eng 
082 0 |a 428.64 
100 1 |a Scott-Buccleuch, R. L.  |q (Robert L.) 
245 1 4 |a The promise :  |b Elementary level /  |c R.Scott - Buccleuch 
260 |a Oxford :   |b Heinemann,   |c 1992 
650 0 0 |a English language  |x Readers. 
852 |a INST  |b CHIOS  |e 19950308  |h 428.64 SCO  |p 005200003915  |q 005200003915  |t BK  |y 0 
909 |a Χ  |b 037348